[Event "ICS rated blitz match"]
[Site "204.178.125.65"]
[Date "1999.11.04"]
[Round "?"]
[White "PostModernist"]
[Black "Hossa"]
[Result "1-0"]
[WhiteElo "2543"]
[BlackElo "2463"]
[PlyCount "124"]
[EventDate "1999.??.??"]

1. d4 Nf6 2. c4 e6 3. g3 Bb4+ 4. Nc3 Ne4 ({0.10 Hiarcs 7.32:} 4... d5 5. Bg2
Nc6 6. Bf4 dxc4 7. Bxc6+ bxc6 8. Nf3 8... Bb7 {-0.23/7}) 5. Qd3 d5 6. Nf3 c5 7.
Bg2 cxd4 8. Nxd4 Nc5 9. Qd1 dxc4 10. Ndb5 Qxd1+ 11. Kxd1 Nca6 12. Be3 Nc6 13.
a3 Be7 14. Kc2 O-O 15. Rad1 e5 16. Bxc6 bxc6 17. Nxa7 Bf5+ 18. Kc1 Nb8 19. f3
Bh3 ({0.37 Hiarcs 7.32:} 19... h6 20. g4 Be6 21. h4 f5 22. gxf5 Bxf5 23. Ne4 {
-0.09/8}) 20. g4 f5 21. Rhg1 fxg4 ({0.70 Hiarcs 7.32:} 21... Kf7 22. Kb1 h5 23.
gxh5 f4 24. Bb6 Rh8 25. Ne4 25... Rxh5 {0.37/7}) 22. fxg4 Bh4 23. Ne4 c5 24.
Nb5 Ra5 ({2.09 Hiarcs 7.32:} 24... Nc6 25. Nc7 Rab8 26. Ne6 Rb3 27. Bxc5 Rfb8
28. Rd2 {0.75/7}) 25. Nbd6 c3 26. Nxc3 g6 ({3.47 Hiarcs 7.32:} 26... Nc6 27.
Nf5 Rxf5 28. gxf5 Nd4 29. Bh6 29... Nxf5 {2.09/7}) 27. Bh6 Rd8 28. Nde4 Rd4 29.
Be3 Na6 30. Bxd4 cxd4 31. Rd3 dxc3 32. Rxh3 cxb2+ 33. Kxb2 Be7 34. Rd1 Ra4 35.
Re3 Kf7 36. Rd5 Ke6 37. Rxe5+ Kxe5 38. Nc3+ Kf4 39. Rf3+ Kxg4 40. Nxa4 Bd6 41.
h3+ Kh4 42. Kb3 Nb8 43. Kc4 Bg3 44. Kd5 Kxh3 45. Nc5 Kg4 46. Rxg3+ Kxg3 47. e4
Kf4 48. e5 Kg5 ({10.06 Hiarcs 7.32:} 48... Kf5 49. e6 Kf6 50. Kd6 Kg7 51. a4 {
5.02/10}) 49. Kd6 Kh6 50. a4 g5 51. e6 Kg7 52. e7 Kf7 53. a5 h5 54. a6 Nc6 55.
Kxc6 Kxe7 56. a7 h4 ({25.19 Hiarcs 7.32:} 56... Kf6 57. a8=Q {13.81/9}) 57.
a8=Q Kf7 58. Qc8 Kg6 59. Qe6+ Kg7 60. Qf5 Kh6 61. Ne6 h3 62. Qxg5+ 62... Kh7 {
Hossa resigns} 1-0

[Event "ICS unrated standard match"]
[Site "204.178.125.65"]
[Date "1999.11.04"]
[Round "?"]
[White "Moron"]
[Black "Hossa"]
[Result "1-0"]
[WhiteElo "2578"]
[BlackElo "2025"]
[PlyCount "155"]
[EventDate "1999.??.??"]

1. d4 Nf6 2. c4 g6 3. Nc3 Bg7 4. e4 d6 5. f3 O-O 6. Be3 e5 7. d5 Nh5 8. Qd2 f5
9. O-O-O fxe4 10. Nxe4 a6 11. Kb1 Nf6 12. Nxf6+ Bxf6 13. Bd3 Rf7 14. Ne2 b5 15.
cxb5 axb5 16. Bxb5 Na6 17. a3 Rb8 18. Nc3 Bg7 19. Qe2 Bf5+ 20. Ne4 Nc5 21. Bxc5
dxc5 22. Ka1 Kh8 23. Qc4 Bxe4 24. fxe4 Rf2 25. g3 Qe7 26. h4 Rg2 27. Rhg1 Rf2
28. Rgf1 Rg2 29. Rd3 Qd6 30. Rc3 Bf8 31. Rf7 Rg1+ 32. Ka2 Be7 33. h5 g5 34. Qe2
Kg8 35. Qf3 Rxb5 36. Qf5 Rxb2+ 37. Kxb2 Qb6+ 38. Rb3 Rb1+ 39. Kxb1 Qxb3+ 40.
Kc1 Qxa3+ 41. Kd2 Qb2+ 42. Ke3 Qc3+ 43. Kf2 Qd2+ 44. Kf3 Qd1+ 45. Kg2 Qe2+ 46.
Qf2 Qxf2+ 47. Rxf2 h6 48. Kf3 Bd6 49. g4 Kh7 50. Ke3 Kg7 51. Rf5 Kg8 52. Rf6
Kg7 53. Re6 Kh7 54. Kd2 Kg7 55. Rg6+ Kh7 56. Rf6 Kg7 57. Re6 Kh7 58. Kd3 Kg7
59. Kc2 Kh7 60. Rf6 Kg7 61. Rg6+ Kh7 62. Kd3 Be7 63. Rc6 Bd6 64. Kc4 Kg7 65.
Rxc5 Kf7 66. Ra5 Kf6 67. Kb5 Ke7 68. Kc6 Bb4 69. Ra7 Kf6 70. Rxc7 Bf8 71. Rd7
Be7 72. Kc7 Bd8+ 73. Rxd8 Kg7 74. d6 Kf7 75. d7 Kg7 76. Re8 Kf7 77. d8=Q Kg7
78. Qe7# {Hossa checkmated} 1-0

[Event "ICS rated blitz match"]
[Site "204.178.125.65"]
[Date "1999.11.04"]
[Round "?"]
[White "Hossa"]
[Black "Zippy"]
[Result "1-0"]
[WhiteElo "2451"]
[BlackElo "2331"]
[PlyCount "141"]
[EventDate "1999.??.??"]

1. e4 d6 2. Nf3 c5 3. Bc4 Nc6 4. O-O Bd7 5. Nc3 Na5 6. Bb5 Bxb5 7. Nxb5 Qb6 8.
c4 a6 9. Nc3 e6 10. d3 Be7 11. Be3 Qxb2 12. Na4 Qf6 13. Rb1 Ra7 14. Qd2 Nc6 15.
Rb6 a5 16. Nc3 Ra6 17. Rxb7 Ra7 18. Rxa7 Nxa7 19. Ne2 Nc6 20. Bg5 Qg6 21. Nf4
Bxg5 22. Nxg6 Bxd2 23. Nxh8 Bc3 24. e5 Nxe5 25. Nxe5 Bxe5 26. Rb1 Nh6 27. Rb5
Bc3 28. a4 g5 29. Rb8+ Kd7 30. Kf1 Be5 31. Ra8 Bc3 32. Ke2 Ke7 33. Rc8 Bd4 34.
Rb8 Kf6 35. Ra8 Kg7 36. Nxf7 Kxf7 37. Rxa5 Ng4 38. Ra7+ Kg6 39. Rd7 d5 40. cxd5
exd5 41. Rd6+ Nf6 42. a5 Be5 43. a6 Bxd6 44. a7 Bxh2 45. a8=Q Be5 46. Qc8 Bd4
47. g4 h6 48. Qe6 Bc3 49. Kd1 Bb2 50. Kc2 Ba1 51. Kc1 Bc3 52. Qf5+ Kf7 53. Kc2
Be1 54. Kb3 Bd2 55. Qc8 Kg6 56. Ka4 Bf4 57. Qc6 Bd2 58. Kb5 Bb4 59. f3 d4 60.
Kc4 Ba3 61. Qe6 Bb4 62. Kb5 Kg7 63. Kc6 Ng8 64. Kd5 Nf6+ 65. Ke5 Ng8 66. Qd7+
Kh8 67. Ke6 Bc3 68. Kf7 h5 69. Qd8 Kh7 70. Qxg8+ Kh6 71. Qh8# {Zippy checkmated
} 1-0

[Event "ICS Unrated standard match"]
[Site "204.178.125.65"]
[Date "1999.11.04"]
[Round "?"]
[White "Hossa"]
[Black "Moron"]
[Result "0-1"]
[WhiteElo "2025"]
[BlackElo "2578"]
[PlyCount "97"]
[EventDate "1999.??.??"]

1. e4 e5 2. Nf3 Nf6 3. d4 Nxe4 4. Bd3 d5 5. Nxe5 Nd7 6. Nxd7 Bxd7 7. O-O Qh4 8.
c4 O-O-O 9. cxd5 Bd6 10. f4 Nf6 11. Nc3 Rde8 12. Bb5 a6 13. Bxd7+ Nxd7 14. Bd2
Qf6 15. Be1 Nb6 16. Qd3 Qg6 17. Qh3+ f5 18. Bd2 Qf7 19. Qf3 Nc4 20. Bc1 Qf6 21.
Qd3 Nb6 22. Bd2 Qf7 23. Rae1 Nxd5 24. Qc4 c6 25. b3 Rhf8 26. Nxd5 Qxd5 27. Qc3
Re4 28. Be3 Bc7 29. Rd1 Ba5 30. b4 Bb6 31. Kh1 Qxa2 32. Rf2 Qd5 33. Rfd2 Rfe8
34. Rd3 Bc7 35. Rf1 Qb5 36. Bd2 a5 37. Kg1 axb4 38. Qb3 Bb6 39. Kh1 Rxd4 40.
Rff3 Qc4 41. Qb1 Red8 42. Rxd4 Qxd4 43. Bxb4 Qxb4 44. Qxf5+ Kb8 45. h4 Qe1+ 46.
Kh2 Qxh4+ 47. Rh3 Qe1 48. Rxh7 Re8 49. Qc2 {Hossa resigns} 0-1

[Event "ICS rated blitz match"]
[Site "204.178.125.65"]
[Date "1999.11.04"]
[Round "?"]
[White "hnishy"]
[Black "Hossa"]
[Result "0-1"]
[WhiteElo "2195"]
[BlackElo "2462"]
[PlyCount "37"]
[EventDate "1999.??.??"]

1. c4 e6 2. g4 Nf6 3. g5 Ne4 4. h4 d5 5. cxd5 exd5 6. Nc3 Nxc3 7. bxc3 c5 8.
Bg2 Nc6 9. f4 Be7 10. Nf3 O-O 11. Qc2 Re8 12. O-O Bg4 13. d3 Qd6 14. Nh2 Bh5
15. Ba3 Rad8 16. d4 Qc7 17. dxc5 Qa5 18. Bb2 Bxc5+ 19. Kh1 {hnishy resigns} 0-1

[Event "ICS rated blitz match"]
[Site "204.178.125.65"]
[Date "1999.11.04"]
[Round "?"]
[White "Zippy"]
[Black "Hossa"]
[Result "1-0"]
[WhiteElo "2320"]
[BlackElo "2468"]
[PlyCount "78"]
[EventDate "1999.??.??"]

1. e4 e5 2. Nc3 Nf6 3. f4 exf4 4. e5 Ng8 5. Qg4 Ne7 6. Nf3 Ng6 7. Qh5 d5 8. d4
c5 9. Bb5+ Nc6 10. O-O cxd4 11. Ne2 Qb6 12. Bd3 Nb4 13. Ne1 Nxd3 14. Nxd3 Qc6
15. Nexf4 Qxc2 16. e6 Bxe6 17. Nxg6 fxg6 18. Qe5 Kd7 19. Qxd4 Ke8 20. Re1 Kf7
21. Bg5 b6 22. Rac1 Bc5 23. Nxc5 bxc5 24. Qe5 Qf5 25. Rf1 Rhe8 26. Rxc5 Qxf1+
27. Kxf1 Rec8 28. Rb5 Rf8 29. Kg1 Rad8 30. Rb3 Rd7 31. Rf3+ Bf5 32. Rxf5+ gxf5
33. Qxf5+ Kg8 34. Qxd7 h6 35. Be7 Rb8 36. b4 a6 37. Bd6 Rb5 38. a4 Rb6 39. Qd8+
39... Kf7 {Hossa resigns} 1-0

[Event "ICS rated blitz match"]
[Site "204.178.125.65"]
[Date "1999.11.04"]
[Round "?"]
[White "Hossa"]
[Black "Skeletor"]
[Result "0-1"]
[WhiteElo "2446"]
[BlackElo "2638"]
[PlyCount "109"]
[EventDate "1999.??.??"]

1. d4 Nf6 2. c4 g6 3. Nc3 Bg7 4. e4 d6 5. f3 O-O 6. Be3 Nc6 7. Nge2 a6 8. d5
Na5 9. Ng3 c6 10. Be2 cxd5 11. cxd5 b5 12. Qd2 e6 13. Rd1 exd5 14. Bg5 dxe4 15.
Ngxe4 Nxe4 16. Nxe4 Qb6 17. Nf6+ Bxf6 18. Bxf6 d5 19. Bd4 Qd8 20. Qh6 f6 21.
O-O Nc6 22. Bc5 Re8 23. Bd3 Ne5 24. b4 Nxd3 25. Rxd3 a5 26. bxa5 Rxa5 27. a3
Ra4 28. Rfd1 Bb7 29. Rb3 Qc7 30. Rc1 Rc4 31. Rxb5 Ba6 32. Rxc4 dxc4 33. Bb6 Qd6
34. Rb1 c3 35. Qc1 Bd3 36. Rb3 Bf5 37. Qxc3 Qd1+ 38. Kf2 Re2+ 39. Kg3 Qf1 40.
Qc4+ Kh8 41. Qxe2 Qxe2 42. Re3 Qb5 43. Bd4 Qb8+ 44. Kf2 Qd6 45. Bc3 Kg7 46. a4
Qxh2 47. Re7+ Kh6 48. Bxf6 Bh3 49. Bg7+ Kh5 50. Bf8 Qxg2+ 51. Ke3 Qg1+ 52. Ke4
Qe1+ 53. Kd3 Bf1+ 54. Kc2 Qf2+ 55. Kc1 {Hossa resigns} 0-1

[Event "ICS rated blitz match"]
[Site "204.178.125.65"]
[Date "1999.11.04"]
[Round "?"]
[White "Skeletor"]
[Black "Hossa"]
[Result "1-0"]
[WhiteElo "2646"]
[BlackElo "2438"]
[PlyCount "122"]
[EventDate "1999.??.??"]

1. e4 c5 2. Nf3 Nc6 3. Bb5 a6 4. Bxc6 bxc6 5. O-O d5 6. Nc3 Bg4 7. d3 e6 8. h3
Bh5 9. Re1 Be7 10. g4 Bg6 11. Ne5 Rc8 12. Qf3 d4 13. Nxg6 hxg6 14. Ne2 Bd6 15.
c3 e5 16. b3 dxc3 17. Nxc3 Qh4 18. Re3 Rd8 19. Na4 c4 20. dxc4 Nf6 21. Qe2 Be7
22. c5 Nxe4 23. Rf3 Nxc5 24. Nxc5 Bxc5 25. Qxe5+ Qe7 26. Qxe7+ Bxe7 27. Re3 Kf8
28. Kg2 Bb4 29. Re4 c5 30. Be3 Kg8 31. Re7 a5 32. Rc7 Bc3 33. Rc1 Bd4 34. Rd1
Bf6 35. Rxd8+ Bxd8 36. Rxc5 Kh7 37. Bd2 Bb6 38. Rb5 Bd4 39. Bxa5 f5 40. gxf5
Rf8 41. fxg6+ Kxg6 42. f3 Re8 43. a4 Re2+ 44. Kg3 Bf6 45. Bc7 Rb2 46. a5 Bc3
47. Kg4 Kf7 48. a6 Ra2 49. Rb7 Ke6 50. a7 g6 51. Kg5 Kd5 52. Bb6 Kc6 53. Rb8
Bb4 54. Bg1 Kd7 55. Rxb4 Ra5+ 56. Kxg6 Ra6+ 57. Kf7 Ra1 58. Ra4 Rxg1 59. a8=Q
Rg7+ 60. Kxg7 Kd6 61. Qd8+ 61... Kc5 {Hossa resigns} 1-0

[Event "ICS unrated blitz match"]
[Site "204.178.125.65"]
[Date "1999.11.04"]
[Round "?"]
[White "Hossa"]
[Black "Moron"]
[Result "0-1"]
[WhiteElo "2431"]
[BlackElo "2872"]
[PlyCount "80"]
[EventDate "1999.??.??"]

1. e4 c5 2. Nf3 e6 3. d4 cxd4 4. Nxd4 Nf6 5. f3 d6 6. Bg5 Be7 7. Bd3 Nc6 8.
Nxc6 bxc6 9. Nd2 d5 10. f4 dxe4 11. Nxe4 Rb8 12. b3 Nxe4 13. Bxe4 Qa5+ 14. Kf1
f6 15. Bh4 O-O 16. Qf3 Rd8 17. Bxc6 Qd2 18. Be4 f5 19. Bxe7 fxe4 20. Qf2 Qc3
21. Re1 e3 22. Qxe3 Ba6+ 23. Kf2 Qxc2+ 24. Kg1 Rd2 25. Qxe6+ Kh8 26. Qe4 Qxe4
27. Rxe4 Rd1+ 28. Kf2 Rxh1 29. Bc5 Rd8 30. Bxa7 Rd2+ 31. Kg3 h5 32. a3 Bb7 33.
Be3 Re2 34. Re8+ Kh7 35. Kh3 Rxg2 36. Bg1 Rhxg1 37. Re1 Bc8+ 38. Re6 Bxe6+ 39.
f5 Bxf5+ 40. Kh4 40... Rxh2# {Hossa checkmated} 0-1

[Event "ICS rated blitz match"]
[Site "204.178.125.65"]
[Date "1999.11.04"]
[Round "?"]
[White "Hossa"]
[Black "Skeletor"]
[Result "0-1"]
[WhiteElo "2431"]
[BlackElo "2653"]
[PlyCount "103"]
[EventDate "1999.??.??"]

1. e4 e5 2. Nc3 Nf6 3. f4 d5 4. exd5 e4 5. Bc4 Bc5 6. d3 exd3 7. Bxd3 O-O 8.
Nge2 Ng4 9. Ne4 Bb6 10. h3 Ne3 11. Bxe3 Bxe3 12. Nf2 Re8 13. O-O Nd7 14. c4 Qh4
15. Bf5 Nc5 16. g3 Qh6 17. Bxc8 Raxc8 18. Kg2 f5 19. Nd3 Ne4 20. Rf3 Qb6 21.
Nc3 c6 22. Qc2 Nxc3 23. bxc3 cxd5 24. Ne5 d4 25. Rb1 Qa6 26. Qb3 Rc5 27. a4 Qd6
28. Qxb7 Rc7 29. Qb3 Qf8 30. c5+ Kh8 31. c6 Rd8 32. Qc4 Qe7 33. Rd1 g5 34. cxd4
gxf4 35. Kf1 Qg7 36. Rd3 Rb8 37. Qd5 fxg3 38. Ng6+ Qxg6 39. Qe5+ Qg7 40. Rxg3
Qxe5 41. dxe5 f4 42. Rgxe3 fxe3 43. Ke2 Rxc6 44. Kxe3 Ra6 45. Rd4 Rb3+ 46. Kf4
Rxh3 47. Kg4 Rh1 48. Rb4 Rf1 49. Rb8+ Kg7 50. Rb7+ Kh6 51. Kh3 Rg6 52. Kh2 {
Hossa resigns} 0-1

[Event "ICS rated blitz match"]
[Site "204.178.125.65"]
[Date "1999.11.04"]
[Round "?"]
[White "Skeletor"]
[Black "Hossa"]
[Result "1-0"]
[WhiteElo "2660"]
[BlackElo "2424"]
[PlyCount "106"]
[EventDate "1999.??.??"]

1. e4 e5 2. Nc3 Nf6 3. Nf3 Bb4 4. Nxe5 O-O 5. Be2 Re8 6. Nf3 Nxe4 7. Nxe4 Rxe4
8. c3 Be7 9. d3 Re6 10. O-O d5 11. Nd4 Rb6 12. Nb3 c5 13. Re1 Nc6 14. Bf3 Be6
15. Bg4 Qd6 16. Qe2 Bxg4 17. Qxg4 Qg6 18. Qxg6 fxg6 19. Re2 Ra6 20. Be3 b6 21.
a3 Bf6 22. Rae1 Re8 23. Bf4 Rxe2 24. Rxe2 Kf7 25. f3 g5 26. Bd6 h5 27. Kf2 Ra4
28. h3 a5 29. Bc7 c4 30. dxc4 dxc4 31. Nd2 b5 32. Ne4 Be7 33. Bd6 Bd8 34. Kg3
Ke6 35. Rd2 Bb6 36. Nxg5+ Kf5 37. Rd5+ Kg6 38. Bf4 Bd8 39. Rd6+ Kf5 40. Ne6 h4+
41. Kf2 Nb4 42. axb4 Bf6 43. Nf8 Kxf4 44. Rd5 Be5 45. Ng6+ Kf5 46. Nxe5 axb4
47. cxb4 Kf6 48. Rxb5 Ra1 49. Rc5 g6 50. Nxc4 Kg7 51. b5 Ra4 52. b6 Rb4 53.
Rc7+ 53... Kh6 {Hossa resigns} 1-0

[Event "ICS rated blitz match"]
[Site "204.178.125.65"]
[Date "1999.11.04"]
[Round "?"]
[White "Hossa"]
[Black "Skeletor"]
[Result "0-1"]
[WhiteElo "2417"]
[BlackElo "2667"]
[PlyCount "107"]
[EventDate "1999.??.??"]

1. e4 c5 2. Nf3 d6 3. Nc3 Nf6 4. Bc4 g6 5. d3 Bg7 6. O-O O-O 7. Bg5 Nc6 8. Qd2
Bg4 9. Qf4 Bh5 10. Bxf6 exf6 11. Nd5 Ne5 12. Nd2 Bg4 13. Rae1 Bd7 14. Qh4 b5
15. Bb3 a5 16. f4 Nc6 17. c3 a4 18. Bc2 a3 19. b3 Rc8 20. f5 Ne5 21. fxg6 fxg6
22. Nb1 Ra8 23. b4 Be6 24. Re3 cxb4 25. Nxb4 Qb6 26. d4 Nc4 27. Ref3 Rfe8 28.
Bb3 Qc7 29. Rxf6 Bxf6 30. Rxf6 Kg7 31. Rf2 Qe7 32. Qg3 Rf8 33. Rxf8 Rxf8 34.
Nc2 Bg8 35. Qg4 Ne5 36. Qg3 Bxb3 37. axb3 a2 38. Nd2 Qa7 39. Qe1 Nd3 40. Qd1
Qf7 41. Qf3 Qxf3 42. gxf3 Ne1 43. Na1 Nxf3+ 44. Nxf3 Rxf3 45. c4 Rc3 46. Kf2
Rc1 47. e5 dxe5 48. dxe5 Rxa1 49. e6 Rh1 50. e7 Rxh2+ 51. Kf3 a1=Q 52. e8=N+
Kh6 53. Nc7 Qd1+ 54. Kf4 {Hossa resigns} 0-1

[Event "ICS rated blitz match"]
[Site "204.178.125.65"]
[Date "1999.11.04"]
[Round "?"]
[White "Skeletor"]
[Black "Hossa"]
[Result "1-0"]
[WhiteElo "2673"]
[BlackElo "2411"]
[PlyCount "128"]
[EventDate "1999.??.??"]

1. e4 e5 2. Nf3 Nf6 3. Nxe5 Nxe4 4. Qe2 d5 5. d3 Qe7 6. dxe4 Qxe5 7. exd5 Qxe2+
8. Bxe2 Bf5 9. O-O Bxc2 10. Bf4 Bxb1 11. Raxb1 Kd8 12. Bd2 Bd6 13. Rbe1 Nd7 14.
Bd3 Ne5 15. Bb5 a6 16. Be2 Re8 17. a3 f5 18. h3 Kd7 19. Bc3 f4 20. Bd1 Re7 21.
Bc2 g6 22. Ba4+ b5 23. Bd1 Rae8 24. Re4 f3 25. g3 g5 26. Bd2 h6 27. Bc3 h5 28.
a4 Kd8 29. b3 Kd7 30. Bxe5 Rxe5 31. Rxe5 Rxe5 32. Bxf3 bxa4 33. bxa4 h4 34. Kg2
hxg3 35. fxg3 Re3 36. h4 gxh4 37. gxh4 Be5 38. Rc1 Ra3 39. Rc4 Ra2+ 40. Kh3
Rh2+ 41. Kg4 Bf6 42. Rc6 Rxh4+ 43. Kf5 Bb2 44. Bg4 Rh1 45. Ke4+ Kd8 46. Rxa6
Ke7 47. Re6+ Kd8 48. a5 Ra1 49. a6 Bc3 50. Bh5 Ra4+ 51. Kd3 Ba1 52. Be8 Rd4+
53. Kc2 Rc4+ 54. Kb3 Rc3+ 55. Ka2 Kc8 56. a7 Kb7 57. Ra6 Rc2+ 58. Kxa1 Kxa6 59.
a8=Q+ Kb6 60. Qb8+ Ka6 61. Bb5+ Ka5 62. Bd3 c6 63. dxc6 Rc1+ 64. Kb2 64... Rb1+
{Hossa resigns} 1-0

[Event "ICS rated blitz match"]
[Site "204.178.125.65"]
[Date "1999.11.04"]
[Round "?"]
[White "Hossa"]
[Black "Skeletor"]
[Result "0-1"]
[WhiteElo "2405"]
[BlackElo "2679"]
[PlyCount "105"]
[EventDate "1999.??.??"]

1. e4 e5 2. Nf3 d6 3. Nc3 Nf6 4. d4 Nbd7 5. Be2 Be7 6. O-O O-O 7. Be3 Ng4 8.
Nd5 Nxe3 9. fxe3 c6 10. Nxe7+ Qxe7 11. Nd2 Qg5 12. Rf3 exd4 13. exd4 Nb6 14. c4
Re8 15. a4 c5 16. dxc5 dxc5 17. Qc2 Be6 18. Rd1 Qe5 19. a5 Nd7 20. Rf2 Nf6 21.
Bf3 Rad8 22. Qb3 Rd7 23. Rdf1 Red8 24. Qc2 Ng4 25. Bxg4 Bxg4 26. a6 bxa6 27.
Ra1 Qd4 28. Qb3 Rd6 29. Nf3 Bxf3 30. gxf3 Rg6+ 31. Kf1 Rb6 32. Qc2 Rdb8 33. Ra2
Rb4 34. Rd2 Qf6 35. Rd3 R4b6 36. Kg1 Rd8 37. Rxd8+ Qxd8 38. Kf1 Rd6 39. b3 Rd1+
40. Ke2 Rh1 41. Ke3 Re1+ 42. Kf2 Qh4+ 43. Kg2 Qg5+ 44. Kh3 Rg1 45. Qf2 Qh5+ 46.
Qh4 Qxf3+ 47. Qg3 Rxg3+ 48. hxg3 h5 49. Kh2 a5 50. Rxa5 Qf2+ 51. Kh3 Qg1 52.
Ra2 g5 53. e5 {Hossa resigns} 0-1

[Event "ICS rated blitz match"]
[Site "204.178.125.65"]
[Date "1999.11.04"]
[Round "?"]
[White "Skeletor"]
[Black "Hossa"]
[Result "1-0"]
[WhiteElo "2684"]
[BlackElo "2400"]
[PlyCount "138"]
[EventDate "1999.??.??"]

1. d4 Nf6 2. c4 g6 3. Nc3 Bg7 4. e4 d6 5. f3 O-O 6. Be3 Nc6 7. Nge2 a6 8. Qd2
e6 9. Nf4 Nxd4 10. Bxd4 e5 11. Be3 exf4 12. Bxf4 Be6 13. Nd5 b5 14. Rd1 bxc4
15. Bxc4 Nxd5 16. exd5 Bf5 17. O-O Qh4 18. b3 Bd7 19. Bg5 Qh5 20. Rfe1 f6 21.
Bf4 Bb5 22. Re7 g5 23. Bg3 Rf7 24. Rde1 Qg6 25. Qa5 Rxe7 26. Rxe7 Bxc4 27. bxc4
Qb1+ 28. Re1 Qb7 29. Qd2 Rb8 30. Qe2 Rf8 31. Qe6+ Rf7 32. Bf2 a5 33. Qe8+ Rf8
34. Qd7 Rf7 35. Qa4 Rf8 36. Qxa5 Ra8 37. Qd2 Qa6 38. Qe2 Kh8 39. Bd4 Qa4 40.
Qe7 Rf8 41. Qxc7 Qb4 42. Re2 Ra8 43. Bb2 h6 44. a3 Qb8 45. Qe7 Qb6+ 46. Kh1 Kg8
47. Qe6+ Kh7 48. Qe4+ Kh8 49. Bc3 Qb3 50. Bb4 f5 51. Re3 Qa2 52. Qd3 Qa1+ 53.
Re1 Qf6 54. Qb1 Rb8 55. Qc1 Qf8 56. Re6 Rd8 57. Qe3 Rb8 58. Qe1 Rd8 59. Bxd6
Qf7 60. c5 Kg8 61. c6 h5 62. Be7 Rxd5 63. c7 Rc5 64. Bxc5 Qxc7 65. Re8+ Kh7 66.
Qe6 Qxh2+ 67. Kxh2 h4 68. Qxf5+ Kh6 69. Re6+ 69... Bf6 {Hossa resigns} 1-0

[Event "ICS rated blitz match"]
[Site "204.178.125.65"]
[Date "1999.11.04"]
[Round "?"]
[White "Hossa"]
[Black "Skeletor"]
[Result "0-1"]
[WhiteElo "2395"]
[BlackElo "2689"]
[PlyCount "162"]
[EventDate "1999.??.??"]

1. e4 e5 2. Nf3 d6 3. d4 exd4 4. Qxd4 Bd7 5. Qd1 Nf6 6. Nc3 Be7 7. Bd3 O-O 8.
O-O Nc6 9. Bf4 Re8 10. Qe2 Bg4 11. Qe3 Nb4 12. Rad1 Nh5 13. a3 Nxd3 14. cxd3 c6
15. h3 Be6 16. Bg5 f6 17. Nd4 Bf7 18. Bh4 g6 19. Rc1 c5 20. Nde2 Be6 21. b4 Rc8
22. Rb1 b6 23. Rfe1 Bf8 24. Qf3 Be7 25. bxc5 Rxc5 26. d4 Rc8 27. a4 Bc4 28.
Rec1 Bf7 29. d5 Rc4 30. Qd3 Rc5 31. Nd4 Bf8 32. Qf3 Bh6 33. Rc2 Kg7 34. Nc6 Qd7
35. Qg4 Qxg4 36. hxg4 Nf4 37. Kh1 Rxc3 38. Rxc3 Rxe4 39. Nxa7 Rxa4 40. Nc8 Nxd5
41. Rh3 g5 42. Bg3 Be6 43. Nxd6 Bxg4 44. Rh2 Kg6 45. f3 Bd7 46. Rd1 Bg7 47. Bf2
Nc3 48. Rc1 Bf8 49. Nb7 Nd5 50. Rd1 Ra7 51. Nd8 Nc3 52. Rc1 Na4 53. Nc6 Rb7 54.
Bg3 Nc5 55. Nd8 Ra7 56. Bb8 Ra3 57. Bc7 b5 58. Rd1 b4 59. Bb6 Nd3 60. g3 Ne5
61. Rf2 Ba4 62. Rd5 Rxf3 63. Rxf3 Nxf3 64. Ne6 Bh6 65. Rd8 b3 66. Rb8 Bc6 67.
Nd8 Bd5 68. Be3 Bf8 69. Kg2 Ne5+ 70. Kh3 g4+ 71. Kh2 Be7 72. Bc1 Bc5 73. Rxb3
Nf3+ 74. Rxf3 gxf3 75. Ne6 Bxe6 76. g4 f2 77. Kg2 Bd5+ 78. Kf1 Bc4+ 79. Kg2
f1=Q+ 80. Kg3 Qf2+ 81. Kh3 81... Bf1# {Hossa checkmated} 0-1

[Event "ICS rated blitz match"]
[Site "204.178.125.65"]
[Date "1999.11.04"]
[Round "?"]
[White "Skeletor"]
[Black "Hossa"]
[Result "1-0"]
[WhiteElo "2694"]
[BlackElo "2390"]
[PlyCount "173"]
[EventDate "1999.??.??"]

1. d4 d5 2. c4 e6 3. Nc3 c6 4. e3 Nf6 5. cxd5 cxd5 6. Bd3 Nc6 7. Nf3 Be7 8. O-O
O-O 9. Qe2 Nb4 10. Bb5 a6 11. Ba4 Bd7 12. Bxd7 Qxd7 13. Ne5 Qd6 14. Bd2 Nc6 15.
Nxc6 bxc6 16. Rac1 c5 17. dxc5 Qxc5 18. Rfd1 Qb6 19. Rc2 Rab8 20. Rdc1 e5 21.
f3 Qe6 22. Nd1 Rfc8 23. Rc7 Bd8 24. Ra7 Ra8 25. Rxc8 Qxc8 26. Rxa8 Qxa8 27. Bc3
Nd7 28. f4 f6 29. Qh5 Bc7 30. Nf2 exf4 31. exf4 Bb6 32. Qe2 Nf8 33. a4 Qb7 34.
Qd2 Bxf2+ 35. Kxf2 Ne6 36. a5 Nc5 37. Qd4 Ne4+ 38. Ke3 h5 39. Bb4 Qc6 40. Qd1
f5 41. Qd4 Qc1+ 42. Ke2 Qc2+ 43. Bd2 Qc5 44. Bc3 Qxd4 45. Bxd4 Kf7 46. h3 g6
47. Ke3 Ke6 48. b3 Kd7 49. Bb6 Kd6 50. b4 Kc6 51. Kd4 Ng3 52. Ke5 Ne2 53. Be3
Kb5 54. Kxd5 Kxb4 55. Ke5 Kc4 56. Bb6 Kb5 57. Bd8 Kc5 58. Bg5 Ng3 59. Kf6 Kd5
60. Kxg6 Ke4 61. Bd8 Ne2 62. Bc7 Nxf4+ 63. Bxf4 Kxf4 64. Kf6 h4 65. Kg6 Ke5 66.
Kg5 f4 67. Kxh4 Kf5 68. Kh5 f3 69. gxf3 Kf6 70. Kg4 Kf7 71. Kg5 Ke7 72. f4 Kd7
73. f5 Kc7 74. h4 Kd6 75. f6 Ke6 76. Kg6 Ke5 77. f7 Kd4 78. f8=Q Kc4 79. Qf1+
Kd4 80. Qxa6 Kd5 81. Qd3+ Kc6 82. h5 Kc5 83. h6 Kc6 84. h7 Kc5 85. h8=Q Kb4 86.
Qhc3+ Ka4 87. Qd7# {Hossa checkmated} 1-0

[Event "ICS rated blitz match"]
[Site "204.178.125.65"]
[Date "1999.11.04"]
[Round "?"]
[White "Hossa"]
[Black "Skeletor"]
[Result "0-1"]
[WhiteElo "2385"]
[BlackElo "2699"]
[PlyCount "109"]
[EventDate "1999.??.??"]

1. e4 e5 2. Nf3 d6 3. d4 exd4 4. Qxd4 Bd7 5. Qd1 Nf6 6. Nc3 Be7 7. Bd3 O-O 8.
O-O Bg4 9. h3 Bh5 10. Be3 Nc6 11. Be2 Bg6 12. Bd3 Nb4 13. a3 Nxd3 14. cxd3 c5
15. Bg5 Re8 16. Rb1 Bh5 17. Bxf6 Bxf6 18. Nd5 Be5 19. Qe2 f5 20. Qd1 Bf7 21.
Qb3 Rb8 22. Rfe1 b5 23. exf5 Qd7 24. Ng5 Qxf5 25. Nxf7 Qxf7 26. f4 Bd4+ 27. Kh1
Kf8 28. Re4 Bf2 29. Rf1 Bh4 30. Kg1 a5 31. Rf3 Bf6 32. Rg3 Bd4+ 33. Kf1 c4 34.
Rxe8+ Rxe8 35. Qxb5 Qe6 36. Re3 Bxe3 37. Nc7 Qf7 38. Qxe8+ Qxe8 39. Nxe8 Kxe8
40. dxc4 a4 41. Ke2 Bc1 42. h4 Bxb2 43. h5 Bxa3 44. h6 Bc1 45. hxg7 Kf7 46. Kd1
Bxf4 47. Kc2 Be3 48. g4 Kxg7 49. Kc3 Kh6 50. Kb4 Kg5 51. Kxa4 Kxg4 52. Kb5 h5
53. Kc6 Bc5 54. Kd7 h4 55. Ke6 {Hossa resigns} 0-1

[Event "ICS rated bullet match"]
[Site "204.178.125.65"]
[Date "1999.11.04"]
[Round "?"]
[White "ipkis"]
[Black "Hossa"]
[Result "0-1"]
[WhiteElo "2239"]
[BlackElo "2342"]
[PlyCount "38"]
[EventDate "1999.??.??"]

1. e3 c5 2. d4 cxd4 3. exd4 Nf6 4. c4 d5 5. Nc3 e6 6. Nf3 Nc6 7. Bd3 Bd6 8. O-O
dxc4 9. Bxc4 O-O 10. a3 a6 11. Be3 b5 12. Ba2 b4 13. axb4 Nxb4 14. Bb1 Bb7 15.
h3 Rc8 16. Ne5 Qb6 17. Nd3 Nxd3 18. Qxd3 Qxb2 19. Ne2 19... Qxa1 {ipkis resigns
} 0-1

[Event "ICS rated standard match"]
[Site "204.178.125.65"]
[Date "1999.11.04"]
[Round "?"]
[White "dori"]
[Black "Hossa"]
[Result "0-1"]
[WhiteElo "2083"]
[BlackElo "2052"]
[PlyCount "54"]
[EventDate "1999.??.??"]

1. d4 d5 2. Nf3 Nf6 3. c4 c6 4. cxd5 cxd5 5. Nc3 Nc6 6. Bf4 e6 7. e3 Nh5 8. Be5
Be7 9. Bd3 O-O 10. O-O f6 11. Bg3 Nxg3 12. hxg3 Rb8 13. Rc1 Qb6 14. Na4 Qa5 15.
a3 e5 16. b4 Qd8 17. dxe5 Nxe5 18. Bb1 Qd6 19. Nd4 Bg4 20. Qb3 Rfd8 21. e4 Kh8
22. Nb5 Qd7 23. Nxa7 dxe4 24. Bxe4 Qd4 25. Rc7 Bd7 26. Nc5 Bxc5 27. bxc5 27...
Qxe4 {dori resigns} 0-1

[Event "ICS rated standard match"]
[Site "204.178.125.65"]
[Date "1999.11.04"]
[Round "?"]
[White "Mmouse"]
[Black "Hossa"]
[Result "1-0"]
[WhiteElo "2147"]
[BlackElo "2069"]
[PlyCount "94"]
[EventDate "1999.??.??"]

1. c4 e6 2. Nc3 d5 3. d4 Nf6 4. Nf3 Be7 5. Bg5 O-O 6. e3 Nbd7 7. Rc1 h6 8. Bh4
g5 9. Bg3 c5 10. cxd5 exd5 11. Bd3 cxd4 12. Nxd4 Nc5 13. Bb1 Nce4 14. O-O Nxc3
15. Rxc3 Ne4 16. Bxe4 dxe4 17. Qh5 Qb6 18. Rfc1 Qxb2 19. Qxh6 Qxa2 20. Rc7 Qb2
21. Be5 f6 22. Qg6+ Kh8 23. Nf5 Qxc1+ 24. Rxc1 Bxf5 25. Qxf5 fxe5 26. Qxe5+ Bf6
27. Qxe4 Rac8 28. Rxc8 Rxc8 29. g3 Rc7 30. Qg6 Be7 31. Qh6+ Kg8 32. Qe6+ Kf8
33. Kg2 Ke8 34. h4 gxh4 35. gxh4 b5 36. h5 Kf8 37. h6 Bd8 38. Qf5+ Rf7 39. Qxb5
a5 40. f4 Re7 41. Kf3 a4 42. Qxa4 Rh7 43. Qa8 Rd7 44. e4 Rd3+ 45. Kg4 Rd7 46.
e5 Rd2 47. Kf5 47... Ke8 {Hossa resigns} 1-0